| 000 | 01136cam a2200241Ki 4500 | ||
|---|---|---|---|
| 082 |
_a625.84 _bNST _cDonated |
||
| 100 | 1 |
_aNussbaum, Peter J. _943850 |
|
| 245 | 1 | 0 |
_aPortland cement concrete pavements _bperformance related to design-construction-maintenance / _cPeter J. Nussbaum, Edwin C. Lokken. |
| 260 |
_aWashington : _bDept. of Transportation, Federal Highway Administration, Offices of Research and Development, Implementation Division ; _aSpringfield, Va. : _bFor sale by the National Technical Information Service, _c1977. |
||
| 300 |
_a1 online resource (183 p. in various pagings) : _bill. |
||
| 490 | 1 | _aReport - Federal Highway Administration ; | |
| 500 | _aFinal report; issued Aug. 1977. | ||
| 500 | _aPrepared by Portland Cement Association. | ||
| 526 |
_a0 _b0 _c0 _d625_840000000000000_NST |
||
| 650 | 0 |
_aMCE _9379 |
|
| 650 | 0 |
_aPavements, Concrete. _920053 |
|
| 650 | 0 |
_aPortland cement. _9812 |
|
| 700 | 1 |
_aLokken, Edwin C., _943851 |
|
| 710 | 1 |
_aUnited States. _921185 |
|
| 710 | 2 |
_aPortland Cement Association. _920051 |
|
| 856 | 4 | 0 | _uhttp://catalog.hathitrust.org/api/volumes/oclc/3582258.html |
| 942 |
_2ddc _cBK |
||
| 999 |
_c547707 _d547707 |
||